Racionalizácia logistickej koncepcie Just-in-Time vo firme Volkswagen Slovakia, a.s.

Gespeichert in:
Bibliographische Detailangaben
1. Verfasser: Babulík, Peter
Format: Software Buch
Sprache:Slowakisch
Veröffentlicht: Bratislava STU FCHPT 2010
Online-Zugang:Im OPAC anzeigen
Tags: Tag hinzufügen
Keine Tags, Fügen Sie das erste Tag hinzu!

MARC

LEADER 00000nam a2200000 a 4500
005 20260127134132.0
007 co ugu
008 100720 2010 xo 000 0 slo d
035 |a vtls010116364 
039 9 |y 201007200851  |z mschk03 
040 |a STUSCHK1  |b slo  |c STUSCHK1  |e AACR2 
100 1 |a Babulík, Peter 
245 1 |a Racionalizácia logistickej koncepcie Just-in-Time vo firme Volkswagen Slovakia, a.s.  |c Peter Babulík 
260 |a Bratislava  |b STU FCHPT  |c 2010 
300 |a 1 elektronický disk 
500 |a Obháj.: 8.6. 2010 
500 |a Študijný program: manažérstvo chemických a potravinárskych technológií 
500 |a Študijný odbor: 5.2.52 priemyselné inžinierstvo, 5.2.18 chemické technológie 
500 |a Miesto vypracovania: Ústav manažmentu - Odd. manažmentu chemických a potrav. technol., FCHPT 
500 |a Evidenčné číslo: FCHPT-5441-22421 
500 |a diplomová práca na CD-ROMe 
910 |a SCHK95 
999 |c 4882  |d 4882